000 01285nam a2200313 a 4500
001 000028198
003 DO-SdBNP
005 20171004103423.0
007 000028198
008 110407s2011 dr 000 0 spa d
020 _a9993445701
040 _aBPMSU
_bspa
_cBPMSU
082 _2
_a310
_bC987e, 2011
100 1 _aCustodio, Carlos
245 1 0 _aEstadística básica /
_cCarlos Custodio ; prólogo Manuel Mejía.
250 _a5ª ed.
260 _aSan Francisco de Macorís, República Dominicana :
_bEME,
_c2011.
300 _a303 p. ;
_c22 cm.
504 _aBibliografía: p. 299-303.
505 0 _tPrólogo --
_tIntroducción --
_tAspectos básicos --
_tMuestreo --
_tLos datos estadísticos: su clasificación y organización --
_tPresentación de datos estadísticos --
_tMedidas de tendencia central o de posición --
_tMedidas de dispersión --
_tMedidas de asimetría y de apuntamiento o curtosis --
_tNúmeros índices --
_tBibliografía.
650 4 _aESTADÍSTICA
_xENSEÑANZA
650 4 _aMUESTREO (ESTADÍSTICA)
650 4 _aESTADÍSTICA
_xPROBLEMAS, EJERCICIOS, ETC.
700 1 2 _aMejía Manuel,
_epról.
910 _aValidado. Control de calidad BNPHU
942 _2ddc
_cBK
945 _aInventario /2017 VM
956 _aVMATEO
_b10
_c20150306
_lBPMSU
_h00151
999 _c7560
_d7560